| 000 | 00535nam a22001817a 4500 | ||
|---|---|---|---|
| 003 | NUST - PNEC | ||
| 005 | 20170116181205.0 | ||
| 008 | 160308b xxu||||| |||| 00| 0 eng d | ||
| 020 | _a019579561X | ||
| 040 | _cLIBRARY | ||
| 082 | _a347.5491 SHA | ||
| 100 |
_916719 _aShah, Sajjad Ali |
||
| 245 |
_a Law courts in a glass house : an autobiography _cSajjad Ali Shah |
||
| 260 |
_aNew York _bOxford University Press _cc.2001 |
||
| 300 | _a834 p. : | ||
| 650 |
_916720 _aPolitical questions and judicial power _xME |
||
| 942 |
_2ddc _cBK |
||
| 999 |
_c71615 _d71615 |
||